MDQL
is popping MORE tags! Check the
thread
!
Quizzes
Events
Quiz Creation
Community
Videos
Private Events
Remove Ads
Sign In
Join for FREE
Feedback
Dark Mode
Quiz Categories
Sports
Geography
Music
Movies
Television
Just For Fun
Miscellaneous
History
Literature
Language
Science
Gaming
Entertainment
Religion
Holiday
For Kids
Quiz Lab
Recent
Popular Today
Quiz Kudos Today
Editor Picks
Curator Picks
Quizzes by...
Day
Popularity
Type
Ratings
Length
Year
Community
Subscriptions
Recent Discussions
Orange Saloon
Badges
Playlists
Quests
Create
Leaderboards
Showdown
Live 5
Trivia Bingo
Activity
Puzzle Library
Sporcle Events
Private Events
Virtual Trivia
Globe League
Become a Host
Pub Owners
SporcleCon
Opinionation
Our Games
Videos
Blog
Mobile Apps
Partnerships
Remove Ads and Go Orange
Feedback
Sports
Athletes
MLB
NBA
NHL
NFL
Soccer
Sports Teams
WWE
NCAA
Football
Premier League
Basketball
Baseball
Hockey
Golf
Tennis
Cricket
Rugby
Auto Racing
Olympics
World Cup
Sports
Athletes
MLB
NBA
NHL
NFL
Soccer
Sports Teams
WWE
NCAA
Football
Premier League
Basketball
Baseball
Hockey
Golf
Tennis
Cricket
Rugby
Auto Racing
Olympics
World Cup
Random Quiz
Search Sporcle
×
Quiz Lab
Quiz Lab
Sports
Football
Type in answers that appear in a list
Type in answers that appear in a list
Classic
Best Score? Go Orange.
CFB Sugar Bowl Participants (20 years) Stats
Can you name the college football Sugar Bowl Participants from the last 20 years (* for national title game)?
By
sknapp
5m
40 Questions
1,100 Plays
1,100 Plays
1,100 Plays
Comments
Comments
Give Quiz Kudos
Give Quiz Kudos
-
- Ratings
hide this ad
Replay
Link that replays current quiz
Next Quiz
Link to next quiz in quiz playlist
You Got
0%
They Got
Avg Score
82%
Avg Friend Score
Upgrade to see
Score Distribution
Jump to the score distribution portion of the page
Score
0/40
Timer
05:00
0
Plays Today
Year
Team
% Correct
2009
Alabama
96.8%
1993
Alabama
96.8%
1990
Alabama
96.8%
2001
Florida
95.5%
2000*
Florida
95.5%
1997
Florida
95.5%
1995
Florida
95.5%
1994
Florida
95.5%
1992
Florida
95.5%
2007
LSU
93.1%
2004*
LSU
93.1%
2002
LSU
93.1%
2008
Georgia
91.8%
2006
Georgia
91.8%
2003
Georgia
91.8%
2004*
Oklahoma
89.9%
1996
Texas
87.7%
2001
Miami (FL)
85.3%
1993
Miami (FL)
85.3%
1990
Miami (FL)
85.3%
Year
Team
% Correct
2003
Florida State
83.9%
1998
Florida State
83.9%
1997
Florida State
83.9%
1995
Florida State
83.9%
2005
Auburn
83.6%
1991
Tennessee
79.9%
1999
Ohio State
79.8%
1998
Ohio State
79.8%
1991
Virginia
74.9%
2005
Virginia Tech
73.6%
2000*
Virginia Tech
73.6%
1996 (technically played Dec. 1995)
Virginia Tech
73.6%
2009
Utah
73.4%
2007
Notre Dame
72.4%
1992
Notre Dame
72.4%
2008
Hawai'i
64.1%
1999
Texas A&M
63.1%
2006
West Virginia
61.4%
1994
West Virginia
61.4%
2002
Illinois
43.8%
Quiz Playlist
Details
Report
Send in Message
Add To Playlist
Classic:
Type in answers that appear in a list
Last Updated: Dec 26, 2018
Quiz Scoreboard
CHALLENGE
Sign Up to Join the Scoreboard
Show All
Scores
Hide
Comments
May contain spoilers
Recently Published
1-10 Letter E Words III
by El_Dandy
Language
2m
Street Fighter Characters
by Artimus82
Gaming
60s
College Basketball Coaching Resumes
by pancakes188
Sports
9m
More to Explore
Quiz From the Vault
Featured Blog Post
Where Did the Easter Bunny Come From?
hide this ad
You Might Also Like...
Tags
College Quiz
Football Quiz
Bowl
cfb
last
Loser
national
participant
sugar
Sugar Bowl
team
Winner
Today's Top Quizzes in Sports
Browse Sports
hide this ad
Today's Top Quizzes in Football
Browse Football
Top Contributed Quizzes in Sports
1
2022 World Cup Stars
2
Les meilleurs buteurs des matchs entre le PSG et l’OM
3
FIFA Club World Cup Champions
4
Les entraîneurs de l'OM et du PSG au 21e siècle
5
Criteria MLB: Left Handed Sluggers
6
2023 MLB Unique Player Accomplishments
7
AFC Teams Reveal (Wrong Answers Minefield)
8
Players with Multiple 50 Home Run Seasons
9
5-to-1: FBS Animal Nicknames
10
5-to-1: UK Sports Teams
Explore More
Trending Topics
Anime
NBA
Disney
Marvel
Crossword
Kpop
Harry Potter
Pokémon
WWE
NFL
The Office
Country
Puzzle
Soccer
Song
hide this ad
More By:
sknapp
Quiz
Plays
Rating
Category
Featured
Created
NBA 15K Points, One Franchise
230,757
4.52
Sports
May 1, 2010
AP All-Americans
99,829
4.35
Sports
Nov 6, 2009
MLB Teams' Most Recent Rookie of the Year
31,750
4.66
Sports
Dec 2, 2009
NBA Last 200 Players to score 40+ Points
12,272
4.46
Sports
Jun 7, 2010
MLB MVP Voting 2000-2008
5,871
4.39
Sports
Nov 4, 2009
Go to Creator's Profile
Score Distribution
Quiz Creator Spotlight
sknapp
Follow
Send a Message
Quizzes Created
-
Created Quiz Play Count
-
More By This Creator
Popular Quizzes Today
1
Find the US States - No Outlines Minefield
2
Find the Countries of Europe - No Outlines Minefield
3
The Countries of the World
4
Find the US States
5
Risky Map Clicking: Biggest States A-Z
6
US States
7
Popular People in 1961
8
Movies - When Are They Set?
More Sports Quizzes
Let's Make Premier League's Logo
Published
Trending Quizzes
Risky Map Clicking: Least Populous States A-Z
Billboard Blitz: Aretha Franklin
1-10 Letter G Words
Countries of the World: 200 Million BC
1-10 Letter F Words
Recently Updated
Leaping Animals
pecheneg
Reality TV Shows (A-Z)
bhenderson79
Rickey Henderson's Hall of Fame Teammates
pecheneg
Champions League XIs: Arsenal
pecheneg
Quick Pick: Celebrities in WWE's Hall of Fame
aduchscher
A-Z Keypad Blitz II
pecheneg
Multiple Oscar Actors
pecheneg
Mystery Phrase Blitz: Oscar 'Best Actors'
pecheneg
F. Scott Fitzgerald Novels
LTH
Pick 3 Villains
ddd62291
Trending Topics
NBA
Crossword
Marvel
Kpop
Disney
Anime
Harry Potter
WWE
Puzzle
Country
Pokémon
NFL
Soccer
The Office
Song
Your Account Isn't Verified!
In order to create a playlist on Sporcle, you need to verify the email address you used during registration. Go to your
Sporcle Settings
to finish the process.
Report this User
Report this user for behavior that violates our
Community Guidelines
.
Details:
Send Report
Go to the Sporcle.com Mobile Site →
Comments